000 00437nam a22001337a 4500
005 20250519084124.0
008 250519b |||||||| |||| 00| 0 eng d
020 _a0888150415pra
100 _aPRAAMSMA,L
245 _aTHE CHURCH IN THE TWENTIENTH CENTUARY VOLUM VIII:
_bELECT FROM EVERY NATION /
_cPRAAMSMA,L
260 _aONTARIO,CANADA,
_bPAIDEIA PRESS LTD,
_c1981
300 _aINCLUDE BIBLIOGRAPHICAL REFERENCES
_b289,
_c22cm
942 _2ddc
999 _c84
_d84